MARC

LEADER 00000nam0a2200000 4500
001 337619
005 20231102004953.0
035 |a (RuTPU)RU\TPU\book\364107 
090 |a 337619 
100 |a 20171109d1931 k y0rusy50 ca 
101 0 |a rus  |a eng 
102 |a RU 
105 |a a z 001zy 
200 1 |a Горная Ингушетия. Геологические исследования в долинах рек Ассы и Камбилеевки на Северном Кавказе  |f В. П. Ренгартен  |g СССР, Главное геологоразведочное управление (ГГРУ) ; Институт геологической карты 
210 |a Москва  |a Ленинград  |c Геологическое изд-во  |d 1931 
215 |a 195 с.  |c ил.  |e 1 карта и 6 таблиц 
225 1 |a Труды Главного геолого-разведочного управления ВСНХ СССР  |v Вып. 63 
320 |a Библиогр.: с. 184-188 
606 1 |a Геология  |y Кавказ  |2 stltpush  |3 (RuTPU)RU\TPU\subj\72077  |9 85665 
610 1 |a библиотека М. А. Усова 
610 1 |a орография 
610 1 |a стратиграфия 
610 1 |a тектоника 
610 1 |a палеогеография 
610 1 |a подземные воды 
610 1 |a полезные ископаемые 
610 1 |a Ингушетия 
675 |a 55(479)  |v 4 
700 1 |a Ренгартен  |b В. П.  |g Владимир Павлович 
712 0 1 |a СССР  |b Главное геологоразведочное управление (ГГРУ)  |c (1928-1931)  |2 stltpush  |3 (RuTPU)RU\TPU\col\18482 
712 0 2 |a Институт геологической карты  |2 stltpush  |3 (RuTPU)RU\TPU\col\23342 
801 1 |a RU  |b 63413507  |c 20171109 
801 2 |a RU  |b 63413507  |c 20180201  |g RCR 
942 |c BK